书目信息 |
| 题名: |
换热器及其计算基础知识
|
|
| 作者: | 张正端 编 | |
| 分册: | ||
| 出版信息: | 北京 化学工业出版社 1980 |
|
| 页数: | 170页 | |
| 开本: | 19cm | |
| 丛书名: | 化学工人自学丛书 | |
| 单 册: | ||
| 中图分类: | TQ051.5 | |
| 科图分类: | ||
| 主题词: | 化工机械 , 化工设备 | |
| 电子资源: | ||
| ISBN: | ||
| 000 | 00744nam2 2200277 45 | |
| 001 | 0180006218 | |
| 005 | 20040518173940.7 | |
| 010 | @dCNY0.45 | |
| 091 | @a15063.3197 | |
| 100 | @a19950621d1980 em y0chiy0121 ea | |
| 101 | 0 | @achi |
| 102 | @aCN@b110000 | |
| 105 | @ay z 000yy | |
| 106 | @ar | |
| 200 | 10 | @a换热器及其计算基础知识@Ahuan re qi ji qi ji suan ji chu zhi shi@f张正端编 |
| 210 | @a北京@c化学工业出版社@d1980 | |
| 215 | @a170页@d19cm | |
| 225 | 2 | @a化学工人自学丛书 |
| 410 | 0 | @120010@a化学工人自学丛书 |
| 606 | 0 | @a化工机械 |
| 606 | 0 | @a化工设备 |
| 690 | @aTQ051.5 | |
| 701 | 0 | @a张正端@Azhang zheng duan@4编 |
| 801 | 0 | @aCN@b上海图书馆@c20040518 |
| 801 | 2 | @aCN@bNLC@c20040518 |
| 905 | @f1@b161505@dTQ051.5@e25 | |
| 换热器及其计算基础知识/张正端编.-北京:化学工业出版社,1980 |
| 170页;19cm.-(化学工人自学丛书) |
| ISBN :CNY0.45 |
| ● |
| 相关链接 |
|
|
|
|
正题名:换热器及其计算基础知识
索取号:TQ051.5/25
 
预约/预借
| 序号 | 登录号 | 条形码 | 馆藏地/架位号 | 状态 | 备注 |
| 1 | 0161505 | 001646614 | 第三借阅区/ [索取号:TQ051.5/25] | 在馆 | |
| 2 | 0161506 | 001646598 | 第二样本阅览室/ [索取号:TQ051.5/25] | 在馆 |